[Event "Summer Cup"]
[Site "Wellington Chess Club"]
[Date "2011.02.22"]
[Round "4"]
[White "Turner, Michael"]
[Black "Dive, Russell"]
[Result "1/2-1/2"]
[WhiteElo "2088"]
[BlackElo "2460"]

1. d4 Nf6 2. c4 e6 3. g3 Bb4+ 4. Bd2 Be7 5. Bg2 d5 6. cxd5 exd5 7. Nf3 O-O 8.
O-O c6 9. Nc3 Bf5 10. Nh4 Be6 11. Qc2 Ne8 12. Nf3 Nd6 13. e4 dxe4 14. Nxe4 Bf5
15. Ne5 Na6 16. Bc3 Nc7 17. Ba5 Nxe4 18. Bxc7 Qxd4 19. Rad1 Qc5 20. Qe2 Bf6 21.
Bxe4 Bxe5 22. Bxf5 Bxc7 23. Qh5 g6 24. Bxg6 Qxh5 25. Bxh5 Rfd8 26. Kg2 Be5 27.
b3 Bd4 28. Rfe1 Kf8 29. Re4 Bc5 30. Rxd8+ Rxd8 31. Rf4 Rd7 32. Bg4 Rd6 33. Bf5
h6 34. h4 Ke7 35. g4 Rd2 36. a4 Rb2 37. Rf3 Bd4 38. Bc8 b6 39. g5 hxg5 40. hxg5
Re2 41. Rf5 Rc2 42. Ba6 Ke6 43. Rf3 Rc5 44. Bc4+ Kd6 45. Rxf7 Rxg5+ 46. Kh3 a5
47. f4 Rg1 48. Rf8 Kc5 49. Rg8 Re1 50. Kg4 Re3 51. Rg6 Re4 52. Re6 Rxe6 53.
Bxe6 b5 54. axb5 cxb5 55. f5 a4 56. bxa4 bxa4 57. Kg5 a3 58. f6 Bxf6+ 59. Kxf6
a2 60. Bxa2 1/2-1/2

[Event "Summer Cup"]
[Site "Wellington Chess Club"]
[Date "2011.02.22"]
[Round "4"]
[White "Veldhuizen, Matt"]
[Black "Stracy, Don"]
[Result "0-1"]
[WhiteElo "1387"]
[BlackElo "1796"]

1. c4 Nf6 2. g3 e6 3. Bg2 d5 4. cxd5 exd5 5. e3 c5 6. Ne2 Nc6 7. d4 cxd4 8.
Nxd4 Bb4+ 9. Nc3 O-O 10. O-O Bg4 11. Qd3 Qd7 12. Nxc6 bxc6 13. Re1 Rac8 14. Bd2
Be7 15. a3 Rcd8 16. Ne2 Bf5 17. Qc3 Ne4 18. Qc1 Nxd2 19. Qxd2 Bf6 20. Red1 Rb8
21. Nd4 Bg6 22. b4 Rfc8 23. Rac1 Be7 24. Nb3 Rb5 25. Nd4 Rb6 26. Nb3 Rb5 27.
Nd4 Rb6 28. Nb3 Qf5 29. Nd4 Qe5 30. Nb3 Qb8 31. Nc5 Qc7 32. Bh3 Rd8 33. Bg2 Bh5
34. Re1 Bg6 35. Qe2 Bf6 36. Red1 Qe7 37. Qd2 Be5 38. Nd3 Bd6 39. Nc5 Bh5 40.
Re1 Bg4 41. h3 Bf5 42. Red1 Rdb8 43. Qe2 h6 44. Qd2 Rb5 45. Bf1 0-1

[Event "Summer Cup"]
[Site "Wellington Chess Club"]
[Date "2011.02.22"]
[Round "4"]
[White "Wilkins, Mark"]
[Black "Riley, Tim"]
[Result "0-1"]
[WhiteElo "1924"]
[BlackElo "1765"]

1. d4 Nf6 2. Bg5 c5 3. Bxf6 exf6 4. d5 f5 5. Nf3 d6 6. e3 a6 7. a4 g6 8. Be2
Bg7 9. c3 O-O 10. O-O Nd7 11. Na3 Rb8 12. Nc4 Qc7 13. Qc2 b6 14. Na3 Nf6 15.
Rfd1 Bb7 16. c4 Rfe8 17. Nb1 Bc8 18. Nc3 Bd7 19. Ra2 Ne4 20. Nxe4 fxe4 21. Nd2
f5 22. Rda1 h6 23. Nb1 a5 24. Nc3 Qd8 25. Kh1 Qh4 26. g3 Qg5 27. Rg1 h5 28. h4
Qe7 29. Raa1 Bf6 30. Rg2 Kf7 31. Re1 Rh8 32. Qd1 Be5 33. Reg1 Qf6 34. Qc2 g5
35. Rh2 Rbg8 36. Qb3 Qd8 37. Rgg2 Bf6 38. Nb5 Bxb5 39. Qxb5 gxh4 40. gxh4 Rxg2
41. Kxg2 Bxh4 42. Qc6 Kg6 43. Kf1 Bf6 44. f4 h4 45. Qb7 h3 46. b3 Bc3 47. Qc6
Bd2 48. Bh5+ Rxh5 49. Rxd2 h2 50. Rg2+ Kh6 51. Qb7 h1=Q+ 52. Rg1 Qf3+ 0-1

[Event "Summer Cup"]
[Site "Wellington Chess Club"]
[Date "2011.03.08"]
[Round "5"]
[White "Dive, Russell"]
[Black "Wastney, Scott"]
[Result "1-0"]
[WhiteElo "2460"]
[BlackElo "2375"]

1. d4 d5 2. c4 e6 3. Nc3 Be7 4. Bf4 Nf6 5. e3 O-O 6. Bd3 c5 7. Nf3 Nc6 8. O-O
cxd4 9. exd4 dxc4 10. Bxc4 Nb4 11. Ne5 Nbd5 12. Bg5 Bd7 13. Qf3 Nxc3 14. bxc3
b5 15. Bd3 Rc8 16. Rac1 Nd5 17. Bd2 Be8 18. Rfe1 Bg5 19. Qe4 f5 20. Qe2 Bxd2
21. Qxd2 Qa5 22. Nf3 Rxc3 23. Rxe6 Rxc1+ 24. Qxc1 Qxa2 25. Re5 Bd7 26. h4 h6
27. Qc5 Nf4 28. Bf1 a6 29. Re7 Bc8 30. Qc7 Nh5 31. Be2 Be6 32. Bd3 Bd5 33. Ne5
Qa1+ 34. Bf1 Qxd4 35. Ng6 Ra8 36. Be2 Ng3 37. Qxg3 Bf7 38. Ne5 Rf8 39. Nxf7
Rxf7 40. Qb3 Qf6 41. Ra7 g6 42. h5 Kg7 43. Rxf7+ Qxf7 44. Qc3+ Qf6 45. Qc7+ Kf8
46. hxg6 Qxg6 47. Bd3 Qe6 48. Qc5+ Kg7 49. Bxf5 Qe1+ 50. Kh2 Kf6 51. Qf8+ Kg5
52. Bc8 Qe5+ 53. g3 1-0

[Event "Summer Cup"]
[Site "Wellington Chess Club"]
[Date "2011.03.08"]
[Round "5"]
[White "Drinkwater, Blaise"]
[Black "Roberts, Michael"]
[Result "0-1"]
[WhiteElo "1411"]
[BlackElo "1622"]

1. e4 e6 2. d4 d5 3. Nd2 dxe4 4. Nxe4 Nd7 5. Nf3 Ngf6 6. Bd3 b6 7. Qe2 Bb7 8.
O-O Be7 9. c3 O-O 10. Neg5 c5 11. Ne5 cxd4 12. cxd4 Bd5 13. Bd2 Bd6 14. a3 Rc8
15. Rac1 Rxc1 16. Rxc1 Qe7 17. Nc6 Bxc6 18. Rxc6 h6 19. Ne4 Nxe4 20. Qxe4 Nf6
21. Qe2 Re8 22. g3 Qd7 23. Rc1 Rc8 24. Qf3 Rxc1+ 25. Bxc1 Bf8 26. Be3 Qd5 27.
Qd1 b5 28. Bf4 a6 29. Be5 Nd7 30. Bf4 g5 31. Be3 Bg7 32. Be2 e5 33. Bf3 e4 34.
Be2 f5 35. f3 Nf6 36. b3 Qe6 37. a4 exf3 38. Bxf3 Qxe3+ 39. Kg2 Ne4 40. Bxe4
Qxe4+ 41. Kf1 Qh1+ 42. Ke2 Qxd1+ 43. Kxd1 Bxd4 44. axb5 axb5 45. Ke2 Kf7 46.
Kd3 Bg1 47. h3 Ke6 48. Ke2 Kd5 49. Kd3 Bf2 50. g4 f4 0-1

[Event "Summer Cup"]
[Site "Wellington Chess Club"]
[Date "2011.03.08"]
[Round "5"]
[White "Jackson, Ross"]
[Black "Gillespie, John"]
[Result "1-0"]
[WhiteElo "2013"]
[BlackElo "1612"]

1. d4 Nf6 2. c4 e6 3. Nc3 Bb4 4. f3 O-O 5. e4 d5 6. e5 Nfd7 7. a3 Bxc3+ 8. bxc3
f6 9. exf6 Qxf6 10. Be3 b6 11. Bd3 dxc4 12. Bxc4 Ba6 13. Bxa6 Nxa6 14. Ne2 c5
15. O-O Nc7 16. Qd2 Nd5 17. Bg5 Qg6 18. c4 N5f6 19. Be3 cxd4 20. Nxd4 Nc5 21.
Rad1 Qe8 22. Nb5 Qe7 23. Qd6 Qxd6 24. Rxd6 Nfd7 25. Nc7 Rac8 26. Nb5 Ne5 27.
Bxc5 Rxc5 28. Nxa7 Nxc4 29. Rxe6 Ra5 30. Rc1 Rxa7 31. Rxc4 Rxa3 32. Rxb6 Ra1+
33. Kf2 Ra2+ 34. Kg3 Ra5 35. Rb7 Rg5+ 36. Kf2 h6 37. Rcc7 Rd8 38. g4 Rf8 39.
Kg3 Rg6 40. h4 h5 41. g5 Rd8 42. Re7 Kh7 43. f4 Rd3+ 44. Kf2 Rd8 45. Rf7 Rg8
46. f5 Rc6 47. f6 Rc2+ 48. Kg3 Rc3+ 49. Kf4 Rc4+ 50. Kf5 Rc5+ 51. Ke6 Re8+ 52.
Kd6 1-0

[Event "Summer Cup"]
[Site "Wellington Chess Club"]
[Date "2011.03.08"]
[Round "5"]
[White "Pomeroy, Arthur"]
[Black "Nyberg, Michael"]
[Result "1/2-1/2"]
[WhiteElo "2098"]
[BlackElo "2036"]

1. e4 Nf6 2. e5 Nd5 3. d4 d6 4. Nf3 g6 5. Bc4 Nb6 6. Bb3 Bg7 7. Ng5 e6 8. f4
Nc6 9. c3 a5 10. O-O Ne7 11. Nd2 d5 12. Ndf3 Bd7 13. Qe2 a4 14. Bc2 Nc4 15. Bd3
b5 16. Rb1 c6 17. b3 axb3 18. axb3 Nb6 19. Be3 h6 20. Nh3 Nf5 21. Bf2 Qc7 22.
Ra1 O-O 23. g4 Ne7 24. Bh4 Rxa1 25. Rxa1 Bc8 26. Qa2 Bb7 27. Qc2 c5 28. dxc5
Qxc5+ 29. Bf2 d4 30. Bxd4 Qc6 31. Rf1 Nbd5 32. Be4 Rc8 33. Qd2 Qc7 34. Nf2 Bf8
35. Nd3 Nc6 36. f5 Nxd4 37. cxd4 exf5 38. gxf5 Ne7 39. Bxb7 Qxb7 40. fxg6 Nxg6
41. e6 fxe6 42. Qe3 Qd5 43. Nfe5 Rc2 44. Rf2 Rxf2 45. Qxf2 Nxe5 46. Nxe5 Bg7
47. Qf7+ Kh7 48. Qg6+ Kg8 49. Qe8+ 1/2-1/2

[Event "Summer Cup"]
[Site "Wellington Chess Club"]
[Date "2011.03.08"]
[Round "5"]
[White "Sellen, Ian"]
[Black "Turner, Michael"]
[Result "0-1"]
[WhiteElo "2032"]
[BlackElo "2088"]

1. c4 Nf6 2. Nc3 e6 3. g3 d5 4. cxd5 exd5 5. d4 Be7 6. Bg2 O-O 7. Nf3 c6 8. O-O
Bg4 9. Ne5 Bf5 10. Bg5 Nbd7 11. Nxd7 Qxd7 12. f3 h6 13. Be3 Bd6 14. Qd2 Rfe8
15. Rfe1 b5 16. Rac1 a5 17. Bf2 Bh3 18. e4 Bxg2 19. Kxg2 b4 20. Nxd5 Nxd5 21.
exd5 cxd5 22. b3 a4 23. Rc2 axb3 24. axb3 Ra3 25. Rb1 Qb5 26. Be1 Bf8 27. Bf2
Ra6 28. Re1 Rxe1 29. Bxe1 g6 30. Qd1 Re6 31. Kf2 Qb6 32. Qd3 Bg7 33. Rc5 Qb7
34. Rb5 Bxd4+ 35. Kf1 Bb6 36. Rxd5 Re3 37. Rd7 Qxf3+ 0-1

[Event "Summer Cup"]
[Site "Wellington Chess Club"]
[Date "2011.03.08"]
[Round "5"]
[White "Sknar, Andrew"]
[Black "Marney, John"]
[Result "0-1"]
[WhiteElo "100"]
[BlackElo "1501"]

1. d4 d5 2. e3 Nf6 3. Nf3 e6 4. Nc3 c5 5. e4 dxe4 6. Ne5 Qxd4 7. Nd3 exd3 8.
cxd3 Nc6 9. Be3 Qd8 10. Ne4 Nxe4 11. dxe4 Qxd1+ 12. Rxd1 b6 13. g3 Bb7 14. a4
Rd8 15. Bb5 Be7 16. a5 O-O 17. axb6 axb6 18. Bxc6 Bxc6 19. Rb1 Bxe4 20. Bxc5
Bxc5 21. O-O Bxb1 22. Rxb1 Rd2 23. b4 Bxf2+ 24. Kg2 f5 25. Rb3 g5 26. Rf3 Bc5+
27. Rf2 Rxf2+ 28. Kg1 Rb2+ 29. Kh1 Rd8 30. g4 Rd1# 0-1

[Event "Summer Cup"]
[Site "Wellington Chess Club"]
[Date "2011.03.08"]
[Round "5"]
[White "Stracy, Don"]
[Black "Ker, Anthony"]
[Result "0-1"]
[WhiteElo "1796"]
[BlackElo "2432"]

1. e4 d6 2. d4 Nf6 3. Nc3 g6 4. f4 Bg7 5. Nf3 c5 6. Bb5+ Bd7 7. e5 Ng4 8. e6
Bxb5 9. exf7+ Kd7 10. Nxb5 Qa5+ 11. Nc3 cxd4 12. Nxd4 Bxd4 13. Qxd4 Nc6 14. Qc4
Qb6 15. Qe2 h5 16. Bd2 Nd4 17. Qd3 Nf5 18. Ne4 Nge3 19. g3 Qxb2 20. Bc3 Qxc2
21. Qb5+ Kc7 22. Bxh8 Ng2+ 23. Kf1 Nfe3+ 24. Kg1 Nxf4 0-1

[Event "Summer Cup"]
[Site "Wellington Chess Club"]
[Date "2011.03.08"]
[Round "6"]
[White "Brockway, Andrew"]
[Black "Sellen, Ian"]
[Result "0-1"]
[WhiteElo "1803"]
[BlackElo "2032"]

1. e4 c5 2. Nc3 g6 3. f4 Bg7 4. Nf3 e6 5. Bc4 Nc6 6. O-O Nge7 7. d3 d5 8. Bb5
Bxc3 9. bxc3 dxe4 10. dxe4 Qxd1 11. Rxd1 O-O 12. Ba3 b6 13. Rd6 Bb7 14. Rd7
Rab8 15. Rad1 Rfd8 16. Kf2 h6 17. R1d2 a6 18. Bxc6 Nxc6 19. Ke3 Rxd7 20. Rxd7
Kf8 21. Ne5 Nxe5 22. fxe5 Ke8 23. Rd6 Bc8 24. Kf4 Bd7 25. c4 Kd8 26. Ke3 Kc7
27. Kd2 g5 28. Bb2 h5 29. Rd3 Bc6 30. Ke3 g4 31. Kf4 Rg8 32. Rd2 g3 33. h3 b5
34. Rd3 b4 35. Rxg3 Rxg3 36. Kxg3 Bxe4 37. a3 Bxc2 38. Kh4 Bd1 39. Kg5 Be2 40.
Kf6 Bxc4 41. axb4 cxb4 42. Kxf7 h4 43. Kf6 Kc6 44. Kg5 Bf1 45. Kxh4 Bxg2 46.
Kg3 Be4 47. Kf4 Kd5 48. Ke3 a5 49. Kd2 a4 50. Ba1 a3 51. h4 Kc4 52. Ke3 Bh7 53.
Kf4 b3 54. Kg5 b2 55. Bxb2 axb2 56. Kf6 0-1

[Event "Summer Cup"]
[Site "Wellington Chess Club"]
[Date "2011.03.08"]
[Round "6"]
[White "Gillespie, John"]
[Black "Loginov, Vladimir"]
[Result "1-0"]
[WhiteElo "1611"]
[BlackElo "100"]

1. e4 e6 2. d4 d5 3. Nd2 Nc6 4. Ngf3 g6 5. c3 Bg7 6. Bd3 Nge7 7. e5 a6 8. a4
Na7 9. b4 Bd7 10. Nb3 O-O 11. O-O Qe8 12. Nc5 Bc6 13. Bd2 Nec8 14. Qe2 f6 15.
b5 axb5 16. axb5 b6 17. Nxe6 Qxe6 18. bxc6 Qxc6 19. c4 Kh8 20. Rfc1 Re8 21.
cxd5 Qxd5 22. Rxc7 fxe5 23. Bc4 Qd6 24. Rxg7 Kxg7 25. dxe5 Qc6 26. Bc3 Ne7 27.
e6+ Kf8 28. Ne5 Qc8 29. Qf3+ Nf5 30. Nd7+ Ke7 31. Bf6+ Kd6 32. Rd1+ Kc7 33.
Be5+ Kd8 34. Nxb6+ Ke7 35. Nxc8+ Raxc8 36. Qb7+ Kf8 37. Qf7# 1-0

[Event "Summer Cup"]
[Site "Wellington Chess Club"]
[Date "2011.03.08"]
[Round "6"]
[White "Ker, Anthony"]
[Black "Dive, Russell"]
[Result "1-0"]
[WhiteElo "2432"]
[BlackElo "2460"]

1. e4 e5 2. Nf3 Nf6 3. d4 Nxe4 4. Bd3 d5 5. Nxe5 Nd7 6. Qe2 Nxe5 7. Bxe4 dxe4
8. Qxe4 Be6 9. dxe5 Bd5 10. Qg4 h5 11. Qh3 Qe7 12. f4 Qb4+ 13. Nc3 Bc5 14. a3
Qc4 15. Bd2 Be6 16. f5 Bd7 17. O-O-O O-O-O 18. Rhe1 Bc6 19. Bg5 Rxd1+ 20. Rxd1
Bd7 21. Re1 Re8 22. e6 fxe6 23. Qxh5 Bxa3 24. fxe6 Bc6 25. Bd2 Be7 26. g4 b5
27. g5 b4 28. Qe2 Qc5 29. Qa6+ Bb7 30. Qb5 Qxb5 31. Nxb5 Bc5 32. Re5 Be7 33.
Nxa7+ Kb8 34. Nb5 Rf8 35. b3 Rf1+ 36. Kb2 Rf2 37. Be3 Rxh2 38. Bf4 Rg2 39. Re1
Rg4 40. Bxc7+ Kc8 41. Bd6 Kd8 42. Rd1 Bf3 43. Rd3 Rxg5 44. Bxe7+ Kxe7 45. Nc7
Bc6 46. Rd4 Rc5 47. Na6 Rd5 48. Nxb4 Rc5 49. Nxc6+ Rxc6 50. Rd7+ Kf8 51. Rd8+
Ke7 52. Rg8 Rxe6 53. Rxg7+ Kd6 54. Rg5 Kc6 55. b4 Re3 56. c3 Rh3 57. Kb3 Kb6
58. Rg4 Kb5 59. Rg6 Rf3 60. Rg5+ Kb6 61. Rd5 Rh3 62. Kc4 Rh4+ 63. Rd4 Rh5 64.
Rd6+ Kc7 65. Rg6 Kb7 66. b5 Rh4+ 67. Kc5 Rh5+ 68. Kb4 Rh1 69. c4 Rh4 70. Rd6
Kc7 71. Rc6+ Kb7 72. Ka5 Rg4 73. Kb4 Rg5 74. Rd6 Kc7 75. Rd5 Rg6 76. Kc5 Rh6
77. b6+ Kc8 78. Kb5 Rh1 79. c5 Rg1 80. Kc6 Rg8 81. Kb5 Rg1 82. c6 Rb1+ 83. Kc5
Rc1+ 84. Kd6 Rh1 85. b7+ Kb8 86. c7+ 1-0

[Event "Summer Cup"]
[Site "Wellington Chess Club"]
[Date "2011.03.08"]
[Round "6"]
[White "Nyberg, Michael"]
[Black "Stoeveken, Peter"]
[Result "1-0"]
[WhiteElo "2036"]
[BlackElo "1663"]

1. e4 e6 2. d4 d5 3. Nd2 c5 4. c3 Nc6 5. Ngf3 Qb6 6. exd5 exd5 7. Nb3 Nf6 8.
dxc5 Bxc5 9. Nxc5 Qxc5 10. Be3 Qe7 11. Bb5 Ng4 12. Qxd5 Bd7 13. O-O Nxe3 14.
fxe3 Qxe3+ 15. Kh1 O-O-O 16. Qxf7 g5 17. Rae1 Qb6 18. a4 a6 19. Bxc6 Bxc6 20.
Qf5+ Kb8 21. Nd4 Bxg2+ 22. Kxg2 Qxb2+ 23. Qc2 Qxc2+ 24. Nxc2 Rd2+ 25. Rf2 Rhd8
26. Nd4 Rd3 27. Rc2 Rc8 28. Ne2 Rc4 29. Ra1 h5 30. Kg1 g4 31. Kg2 h4 32. Kg1
Rf3 33. Kg2 Rd3 34. a5 Rc5 35. Ra4 h3+ 36. Kg1 Rd1+ 37. Kf2 Rd3 38. Rxg4 Rxa5
39. Rd4 Rxd4 40. Nxd4 Rg5 41. Kf3 b5 42. Ra2 Ka7 43. Ne6 Rg1 44. Nc7 Kb6 45.
Nxa6 Rc1 46. Ra3 Rg1 47. Nb4 Rg2 48. Ra2 Rg7 49. Nd3 Rc7 50. Nf4 Rd7 51. Kg3
1-0

[Event "Summer Cup"]
[Site "Wellington Chess Club"]
[Date "2011.03.08"]
[Round "6"]
[White "Van der Hoorn, Mark"]
[Black "Forster, Bill"]
[Result "1-0"]
[WhiteElo "2147"]
[BlackElo "1990"]

1. d4 e6 2. e4 d5 3. Be3 dxe4 4. Nd2 Nf6 5. f3 Nd5 6. Qe2 Nxe3 7. Qxe3 exf3 8.
Ngxf3 Nd7 9. Bd3 Be7 10. O-O Nf6 11. Ne5 Bd7 12. Ne4 Bc6 13. Ng5 Ng4 14. Qf4
Nxe5 15. dxe5 Qd5 16. Qxf7+ Kd7 17. Be4 Qd4+ 18. Kh1 Bxe4 19. Rad1 Raf8 20.
Rxd4+ Bd5 21. Qxe6+ Ke8 22. Qc8+ 1-0

[Event "Summer Cup"]
[Site "Wellington Chess Club"]
[Date "2011.03.08"]
[Round "6"]
[White "Veldhuizen, Matt"]
[Black "Wilkins, Mark"]
[Result "0-1"]
[WhiteElo "1387"]
[BlackElo "1924"]

1. c4 Nf6 2. g3 c5 3. Bg2 Nc6 4. Nc3 d6 5. e3 g6 6. Nge2 Bg7 7. O-O O-O 8. d4
Bg4 9. Qd2 e5 10. f3 exd4 11. exd4 Bd7 12. dxc5 dxc5 13. f4 Re8 14. a3 Bg4 15.
Rf2 Qxd2 16. Bxd2 Rad8 17. Be1 Bxe2 18. Rxe2 Rxe2 19. Nxe2 Re8 20. Bxc6 bxc6
21. Nc3 Ne4 22. Nxe4 Rxe4 23. Bf2 Rxc4 24. Rb1 a5 25. b3 Rc2 26. a4 Bd4 27.
Bxd4 cxd4 28. b4 axb4 29. Rxb4 c5 30. Rb5 d3 31. Rb8+ Kg7 32. Rd8 c4 33. Kf1
Ra2 34. Ke1 Rxa4 35. Kd2 Ra2+ 36. Kc3 Rc2+ 0-1

[Event "Autumn Cup"]
[Site "Wellington Chess Club"]
[Date "2011.04.26"]
[Round "1"]
[White "Kay, Bruce"]
[Black "Sellen, Ian"]
[Result "1/2-1/2"]
[WhiteElo "2040"]
[BlackElo "1840"]

1. d4 d5 2. c4 e6 3. Nc3 Nf6 4. Bg5 Be7 5. e3 h6 6. Bh4 O-O 7. Nf3 Nbd7 8. Bd3
b6 9. cxd5 exd5 10. O-O c6 11. Qc2 Nh5 12. Bxe7 Qxe7 13. Rac1 Nhf6 14. a3 c5
15. Qa4 Bb7 16. Rfd1 a6 17. Bb1 Rfd8 18. Qc2 Rac8 19. Qf5 g6 20. Qh3 Kg7 21.
Qh4 Ng8 22. dxc5 Qxh4 23. Nxh4 Nxc5 24. Ba2 Nf6 25. Nf3 Ne6 26. Ne2 Rc7 27.
Rxc7 Nxc7 28. Ned4 Ne6 29. Rc1 Rc8 30. Rxc8 Bxc8 31. h3 Bb7 32. Bb1 Nc5 33. Bc2
Nfd7 34. b4 Ne4 35. Bd3 f6 36. Kf1 Ne5 37. Nxe5 fxe5 38. Nf3 1/2-1/2

[Event "Autumn Cup"]
[Site "Wellington Chess Club"]
[Date "2011.04.26"]
[Round "1"]
[White "Nyberg, Michael"]
[Black "Jackson, Ross"]
[Result "1-0"]
[WhiteElo "2041"]
[BlackElo "1986"]

1. e4 Nf6 2. d3 e5 3. Nf3 Nc6 4. c3 d5 5. Nbd2 dxe4 6. dxe4 Bg4 7. Bc4 Bxf3 8.
Qxf3 Qd7 9. Bb5 a6 10. Be2 Be7 11. O-O O-O 12. Rd1 Qe6 13. Nc4 Rad8 14. b3
Rxd1+ 15. Bxd1 Rd8 16. Bg5 Ne8 17. Bxe7 Qxe7 18. Be2 Nf6 19. h3 g6 20. a4 a5
21. Qe3 b6 22. g4 h6 23. Qxh6 Nxe4 24. Bf3 Nc5 25. Bxc6 Nxb3 26. Re1 Qc5 27.
Nxe5 Qxc3 28. Qe3 1-0

[Event "Autumn Cup"]
[Site "Wellington Chess Club"]
[Date "2011.04.26"]
[Round "1"]
[White "Roberts, Michael"]
[Black "Rabina, Romeo"]
[Result "1-0"]
[WhiteElo "1818"]
[BlackElo "1773"]

1. d4 d5 2. c4 c6 3. Nc3 Nf6 4. Nf3 g6 5. e3 Bg7 6. Bd3 dxc4 7. Bxc4 O-O 8. O-O
Nbd7 9. e4 Nb6 10. Be2 Bg4 11. Be3 Rc8 12. Rc1 Re8 13. Ne5 Be6 14. b3 Nfd7 15.
Nxd7 Bxd7 16. Qd2 Rf8 17. Rfd1 e6 18. a4 a5 19. Na2 Ra8 20. Rc5 Nc8 21. d5 b6
22. Rcc1 exd5 23. exd5 c5 24. Nc3 Nd6 25. Bh6 Re8 26. Bxg7 Kxg7 27. Bf3 Bf5 28.
Qf4 g5 29. Qg3 Ra7 30. Re1 h6 31. Rxe8 Nxe8 32. Qe5+ Qf6 33. Qxe8 Re7 34. Qb5
Qxc3 35. Rxc3 Re1+ 36. Qf1 Rxf1+ 37. Kxf1 1-0

[Event "Autumn Cup"]
[Site "Wellington Chess Club"]
[Date "2011.04.26"]
[Round "1"]
[White "Stoeveken, Peter"]
[Black "Theodosiou, Andreas"]
[Result "0-1"]
[WhiteElo "1259"]
[BlackElo "1677"]

1. d4 Nf6 2. c4 d5 3. Nc3 e6 4. Bg5 Bb4 5. Nf3 O-O 6. e3 Nbd7 7. a3 Bxc3+ 8.
bxc3 c6 9. Qc2 Qa5 10. Bd3 Ne4 11. Be7 Re8 12. Bb4 Qc7 13. Bxe4 dxe4 14. Qxe4
Nf6 15. Qd3 a5 16. e4 axb4 17. e5 Nh5 18. Ng5 f5 19. g4 Nf4 20. Qf3 Ng6 21. h4
h6 22. Nh3 Nxh4 23. Qg3 Qe7 24. cxb4 b5 25. c5 Bd7 26. O-O-O Rf8 27. Nf4 g5 28.
Nh5 f4 29. Qd3 Be8 30. Nf6+ Rxf6 31. exf6 Qxf6 32. Rhe1 Bg6 33. Qb3 Bf7 34. Qd3
Ng6 35. Rh1 Kg7 36. Rh3 Ne7 37. Rdh1 Rd8 38. Rxh6 Qxh6 39. Rxh6 Kxh6 40. Qe4
Nd5 41. Kb2 Nf6 42. Qxc6 Rxd4 43. Qxb5 Rd2+ 44. Kc3 Ne4+ 45. Kb3 e5+ 0-1

[Event "Autumn Cup"]
[Site "Wellington Chess Club"]
[Date "2011.04.26"]
[Round "1"]
[White "Turner, Michael"]
[Black "Dive, Russell"]
[Result "0-1"]
[WhiteElo "2099"]
[BlackElo "2419"]

1. d4 Nf6 2. c4 e6 3. g3 Bb4+ 4. Bd2 Be7 5. Bg2 d5 6. Nf3 O-O 7. O-O c6 8. Qc2
Nbd7 9. Rd1 Ne4 10. Be1 f5 11. Nfd2 Bd6 12. Nxe4 fxe4 13. Nc3 Qg5 14. f3 exf3
15. exf3 Nf6 16. Bf2 h5 17. Re1 h4 18. f4 Qh5 19. Qe2 hxg3 20. Bxg3 Qh6 21. f5
Bxg3 22. hxg3 exf5 23. cxd5 Ng4 24. dxc6 bxc6 25. Nd5 Qh2+ 26. Kf1 Qxg3 27.
Ne7+ Kh7 28. Kg1 Qh2+ 29. Kf1 Qf4+ 30. Bf3 Ba6 0-1

[Event "Autumn Cup"]
[Site "Wellington Chess Club"]
[Date "2011.05.03"]
[Round "2"]
[White "Brockway, Andrew"]
[Black "Roberts, Michael"]
[Result "1-0"]
[WhiteElo "1800"]
[BlackElo "1818"]

1. e4 e6 2. d4 d5 3. Nd2 dxe4 4. Nxe4 Nd7 5. Nf3 Ngf6 6. Nxf6+ Nxf6 7. c3 b6 8.
Bb5+ Bd7 9. Qa4 Bxb5 10. Qxb5+ Qd7 11. Qxd7+ Nxd7 12. Bf4 Bd6 13. Bxd6 cxd6 14.
O-O Rc8 15. Nd2 d5 16. Rfe1 O-O 17. Nf3 b5 18. Rac1 Nb6 19. Ne5 Rc7 20. Nd3 Nd7
21. b4 Rfc8 22. Nc5 Nxc5 23. dxc5 Rc6 24. f4 f6 25. Rc2 Kf7 26. Rf2 Ra6 27. Rb1
Ra3 28. Rb3 Ra6 29. Rbb2 Re8 30. Rfd2 Rd8 31. Rb1 Rc6 32. Ra1 e5 33. fxe5 fxe5
34. a4 Ra6 35. Rf1+ Ke6 36. axb5 Ra3 37. Rc2 Rb8 38. c6 Rc8 39. Rf3 Rc7 40. Kf2
a6 41. c4 Rxf3+ 42. gxf3 dxc4 43. bxa6 Rxc6 44. b5 1-0

[Event "Autumn Cup"]
[Site "Wellington Chess Club"]
[Date "2011.05.03"]
[Round "2"]
[White "Theodosiou, Andreas"]
[Black "Proctor, Matthew"]
[Result "0-1"]
[WhiteElo "1259"]
[BlackElo "1374"]

1. e4 e5 2. Nf3 Nc6 3. Bb5 a6 4. Ba4 Nf6 5. Nc3 b5 6. Bb3 d6 7. h3 Na5 8. Bd5
Nxd5 9. Nxd5 c6 10. Ne3 Be7 11. d4 exd4 12. Nxd4 c5 13. Ndf5 g6 14. Nxe7 Qxe7
15. Qd5 Bb7 16. Qd2 Qxe4 17. Qxa5 O-O 18. O-O Rfe8 19. Bd2 d5 20. f3 Qe5 21.
Qb6 Re7 22. Qxc5 Rc8 23. Qb4 d4 24. Ng4 Qc5 25. Qxc5 Rxc5 26. c3 d3 27. b3 Re2
28. Rf2 f5 29. Rxe2 dxe2 30. Re1 fxg4 31. Rxe2 gxf3 32. gxf3 Bxf3 33. Re7 Rd5
34. Bh6 Rh5 35. Bf4 Rxh3 36. Kf2 Bc6 37. Be3 Rh2+ 38. Kg3 Rxa2 39. Rc7 Bd5 40.
c4 bxc4 41. bxc4 Be6 42. c5 Ra3 43. Kf4 h5 44. Bd4 h4 45. Rg7+ Kf8 46. Rxg6 Bc8
47. Rh6 Ra4 48. Ke5 h3 49. Kf6 Ke8 50. Be5 Kd7 51. Rxh3 Kc6 52. Rc3 Ra5 53. Bd6
Rb5 54. Ke5 a5 55. Kd4 a4 56. Rf3 Rb4+ 57. Ke3 a3 58. Kd2 a2 59. Ra3 Rb2+ 60.
Kc1 Rb1+ 61. Kc2 a1=Q 0-1

[Event "Autumn Cup"]
[Site "Wellington Chess Club"]
[Date "2011.05.03"]
[Round "2"]
[White "Van der Hoorn, Mark"]
[Black "Turner, Michael"]
[Result "1-0"]
[WhiteElo "2178"]
[BlackElo "2099"]

1. d4 Nf6 2. c4 e6 3. Nc3 Bb4 4. f3 d5 5. a3 Be7 6. e4 dxe4 7. fxe4 e5 8. Nf3
exd4 9. Nd5 Nxd5 10. cxd5 Bg4 11. Be2 Bxf3 12. Bxf3 Bf6 13. Qa4+ Nd7 14. Bg4 c6
15. Qb4 Ne5 16. Be2 d3 17. Bd1 a5 18. Qxb7 Rb8 19. Qa7 d2+ 20. Bxd2 Rxb2 21.
Be2 O-O 22. Rd1 cxd5 23. O-O Nc6 24. Qa6 Nd4 25. Bh5 Nb3 26. Be3 d4 27. Qc4 g6
28. Bg4 h5 29. Bh3 Kg7 30. Rd3 Be5 31. Bf4 Bxf4 32. Rxf4 Qd6 33. g3 Qb6 34. Bf1
Kg8 35. Kh1 Rb1 36. Qd5 Rb2 37. Rdf3 Nd2 38. Rf2 Qa7 39. e5 d3 40. e6 f5 41.
e7+ Rf7 42. e8=Q+ 1-0

[Event "Autumn Cup"]
[Site "Wellington Chess Club"]
[Date "2011.05.03"]
[Round "2"]
[White "Whittle, Jonathon"]
[Black "Drinkwater, Blaise"]
[Result "1-0"]
[WhiteElo "1673"]
[BlackElo "1403"]

1. Nf3 Nf6 2. g3 d6 3. Bg2 g6 4. d3 c6 5. O-O Bg7 6. e4 e5 7. Be3 Nbd7 8. Re1
O-O 9. Nbd2 Re8 10. h3 Nf8 11. Nh4 Ne6 12. c3 d5 13. d4 exd4 14. cxd4 Nxe4 15.
Nxe4 dxe4 16. Bxe4 Nxd4 17. Bg2 Bxh3 18. Bxh3 g5 19. Nf5 Nxf5 20. Qxd8 Raxd8
21. Bxf5 Re5 22. g4 Rde8 23. Kf1 h5 24. Bxa7 Rxe1+ 25. Rxe1 Rxe1+ 26. Kxe1 Bxb2
27. gxh5 Kg7 28. Bc8 b5 29. Bd7 Bc3+ 30. Ke2 Kh6 31. Bxc6 Kxh5 32. Bxb5 f5 33.
Bd7 Kg6 34. f3 Be5 35. Bb6 Bb8 36. a4 Kf6 37. a5 Ke5 38. a6 f4 39. a7 Bxa7 40.
Bxa7 Kf6 41. Bg4 Kg6 42. Kd3 Kf6 43. Ke4 Kg6 44. Bb6 Kf6 45. Bd8+ Kg6 46. Ke5
Kh6 47. Kf5 1-0

[Event "Autumn Cup"]
[Site "Wellington Chess Club"]
[Date "2011.05.10"]
[Round "3"]
[White "Farrington, Lawrence"]
[Black "Rabina, Romeo"]
[Result "1-0"]
[WhiteElo "1708"]
[BlackElo "1773"]

1. e4 c5 2. c3 Nc6 3. Nf3 d6 4. d4 e6 5. Bd3 Be7 6. O-O Nf6 7. Be3 O-O 8. h3 b6
9. e5 dxe5 10. dxe5 Nd5 11. Qe2 Qc7 12. Bd2 g6 13. a3 Qb8 14. c4 Nc7 15. Bf4
Bb7 16. Bh2 Rd8 17. Nc3 Ne8 18. Be4 Ng7 19. g4 Qc8 20. Nb5 a6 21. Nc3 Nd4 22.
Nxd4 Rxd4 23. Rad1 Bc6 24. Bxc6 Qxc6 25. f4 Bh4 26. Rxd4 cxd4 27. Qe4 Qxe4 28.
Nxe4 Rd8 29. Rd1 Ne8 30. Rd3 Be7 31. Bg3 Kg7 32. Bf2 b5 33. c5 Nc7 34. Kg2 Nd5
35. Kf3 Rc8 36. b4 a5 37. Rxd4 axb4 38. axb4 f5 39. Nd6 Bxd6 40. exd6 Rd8 41.
Bh4 Rd7 42. Rd1 Kf7 43. Ra1 Nxb4 44. Ra5 h5 45. Rxb5 hxg4+ 46. hxg4 Nc6 47. Rb6
Nd4+ 48. Ke3 1-0

[Event "Autumn Cup"]
[Site "Wellington Chess Club"]
[Date "2011.05.10"]
[Round "3"]
[White "Kay, Bruce"]
[Black "Forster, Bill"]
[Result "0-1"]
[WhiteElo "1840"]
[BlackElo "1967"]

1. d4 f5 2. e4 fxe4 3. Nc3 Nf6 4. Bg5 c6 5. Bxf6 exf6 6. Nxe4 d5 7. Ng3 Qb6 8.
Qe2+ Kd8 9. O-O-O Na6 10. c3 Bd7 11. Qc2 Kc7 12. Bd3 g6 13. Nf3 Re8 14. h4 Bd6
15. h5 f5 16. hxg6 hxg6 17. Kb1 Kb8 18. Rde1 Qd8 19. Qc1 f4 20. Ne2 g5 21. Rxh8
Rxh8 22. Rh1 g4 23. Ne5 Bxe5 24. dxe5 f3 25. gxf3 Nc5 26. Bc2 gxf3 27. Ng3 Rh4
28. Qe3 Rxh1+ 29. Nxh1 Qh8 30. Ng3 Ne6 31. a3 Nd8 32. Qf4 Be6 33. Bf5 a6 34.
Bxe6 Nxe6 35. Qf5 Nc5 36. e6 Qg7 37. Qf7 Qxf7 38. exf7 Nd7 39. Kc2 Kc7 40. Kd2
Kd8 41. Ke3 Ke7 42. Kxf3 Kxf7 43. Kf4 Nc5 44. Ke3 Na4 45. b3 Nxc3 46. Kd4 Nb5+
0-1